Catálogo

MEXICO EN EL SIGLO XX (Registro nro. 3893)

Detalles MARC
000 -LEADER
fixed length control field 00502nam a2200193 a 4500
001 - CONTROL NUMBER
control field 3893
005 - DATE AND TIME OF LATEST TRANSACTION
control field 20180713183809.0
008 - FIXED-LENGTH DATA ELEMENTS--GENERAL INFORMATION
fixed length control field 140415s1975 mx 000 0 spa d
041 ## - LANGUAGE CODE
Language code of text/sound track or separate title spa
082 ## - DEWEY DECIMAL CLASSIFICATION NUMBER
Classification number 92.0614
Item number CON
100 1# - MAIN ENTRY--PERSONAL NAME
Personal name Contreras, Mario,.
245 10 - TITLE STATEMENT
Title MEXICO EN EL SIGLO XX
250 ## - EDITION STATEMENT
Edition statement 1a ed.
260 ## - PUBLICATION, DISTRIBUTION, ETC.
Place of publication, distribution, etc. MEXICO :
Name of publisher, distributor, etc. UNAM,
Date of publication, distribution, etc. 1975
300 ## - PHYSICAL DESCRIPTION
Extent 2
490 ## - SERIES STATEMENT
Series statement LECTURAS UNIVERSITARIAS
Volume/sequential designation 22
650 14 - SUBJECT ADDED ENTRY--TOPICAL TERM
Topical term or geographic name entry element MEXICO
General subdivision HISTORIA
-- 1910
-- 1946
700 1# - ADDED ENTRY--PERSONAL NAME
Personal name TAMAYO, JESUS
Relator term coaut.
Existencias
Withdrawn status Lost status Source of classification or shelving scheme Damaged status Not for loan Collection code Home library Current library Shelving location Date acquired Source of acquisition Inventory number Total Checkouts Full call number Barcode Date last seen Date last checked out Price effective from Koha item type
    Dewey Decimal Classification     General Biblioteca Karol Wojtyla Biblioteca Karol Wojtyla Sala general 03/12/2013 Compra 151000000000000000037853 2 '92.0614 CON 15220 05/01/2026 01/12/2025 03/12/2013 Libro